Medical Vocabulary #3 - Statistics

General Stats
  • This quiz has been taken 1,106 times
  • The average score is 19 of 25
Answer Stats
Hint Answer % Correct
A disease outbreak affecting large populations or a whole region, country, or continent. pandemic
91%
A common, over-the-counter drug used to reduce fever and relieve mild to moderate pain, but which does not reduce redness or swelling. acetaminophen (paracetamol)
89%
A loss of brain function that worsens over time and affects memory, thinking, behavior, and language. dementia
88%
A thigh bone. femur
88%
A heart attack. myocardial infarction
88%
A junction in the body where bones are linked together. joint
86%
The oxygen-carrying substance that gives red blood cells their color. hemoglobin
85%
A cosmetic procedure that removes fat from an area of the body. liposuction
85%
A protein and the major component of the cuticle and cortex layers of hair; the same protein is found in nails, feathers, claws, and hooves. keratin
84%
The extent of movement—and thus flexibility—in a joint, measured in the degrees of a circle. range of motion
84%
To restrict the movement of a limb or other part of the body to help in healing. immobilize
83%
Relating to an infant younger than 4 weeks of age. neonatal
83%
Having to do with blood vessels and circulation. vascular
82%
A flexible, stretchy protein found in skin and connective tissue. elastin
73%
Pain along the course of the nerve that runs from the buttock, down the back and side of the leg, and into the foot and toes, often because of a herniated disk. sciatica
73%
A bump of bone or tissue that forms at the big toe joint, causing inflammation and considerable pain. bunion
72%
The death of tissue due to the absence of blood flow. gangrene
71%
An inflammatory disease resulting from excess sebum production, follicle plugging, and increased bacterial production. acne
69%
Athlete’s foot. tinea pedis
69%
A tummy tuck. abdominoplasty
68%
The inner portion of the brain, composed primarily of axons, each surrounded by a myelin sheath that insulates the nerve fibers. white matter
66%
An area of hardened, thickened skin usually caused by friction. corn
53%
Hives. urticaria
47%
A nervous system or heart disorder caused by lack of the vitamin thiamine (B1). beriberi
44%
Not visible to the naked eye but capable of being seen under a microscope or through lab tests. occult
41%
No matching quizzes found
Score Distribution
Percent of People with Each Score
Percentile by Number Answered
Your Score History
You have not taken this quiz